| 000 | 00356nam a22001217a 4500 | ||
|---|---|---|---|
| 082 |
_a297.63 _bNAD _cM |
||
| 100 |
_aNadvi, Mulana Syed Abul Hassan ali _951124 |
||
| 245 |
_aانبیاء کے واقعات _bقصص النبیین |
||
| 260 |
_aLahore, _bMaktab ilam, _c2000. |
||
| 300 | _a175p. | ||
| 526 |
_a0 _b0 _c0 _d297_630000000000000_NAD |
||
| 942 |
_2ddc _cBK |
||
| 999 |
_c553878 _d553878 |
||